Vplyv záplav na všeobecnú hodnotu nehnuteľností

Salvato in:
Dettagli Bibliografici
Autore principale: Encinger, Miloš (Autore)
Altri autori: Nič, Milan (Relatore della tesi)
Natura: Manoscritto Libro
Lingua:slovacco
Pubblicazione: 2015
Soggetti:
Accesso online:http://is.stuba.sk/zp/portal_zp.pl?podrobnosti=64132
Tags: Aggiungi Tag
Nessun Tag, puoi essere il primo ad aggiungerne!!

MARC

LEADER 00000ntm a22000003a 4500
001 stuzp29951
003 SK-STU
005 20160719152936.3
007 ta
008 150427s2015----xo-----f-mn---000-0-slo-d
040 |a STU  |b slo 
041 0 |a slo 
100 1 |a Encinger, Miloš  |u 010320  |4 aut  |U SvF Stavebná fakulta  |T SvF Ústav súdneho znalectva  |X 2519  |U V320|V300  |Y 35  |7 2519 
242 0 1 |a The impact of floods on the general value of property  |y eng 
245 1 0 |a Vplyv záplav na všeobecnú hodnotu nehnuteľností 
260 |c 2015 
650 4 |a záplavy  |2 slo 
650 4 |a ohodnocovanie pozemkov  |2 slo 
650 4 |a všeobecná hodnota  |2 slo 
650 4 |a floods  |2 eng 
650 4 |a price evaluation  |2 eng 
650 4 |a real estate  |2 eng 
700 1 |a Nič, Milan  |4 ths  |X 732  |7 A000000732 
856 4 |u http://is.stuba.sk/zp/portal_zp.pl?podrobnosti=64132 
996 |b 284V041265  |c V* 3231/DP-1161  |l VVS  |s P  |a 0  |w stuzp29951_0001 
SQL |a stuzp29951  |b DDZ  |c SLO  |d Vplyv záplav na všeobecnú hodnotu nehnuteľností  |e 2519  |f Encinger, Miloš  |g 010320  |h 732  |i Nič, Milan  |j 20150624  |k 678  |l 01  |m http://is.stuba.sk/zp/portal_zp.pl?podrobnosti=64132  |n D-TS4  |o 5.2.8. stavebníctvo